000 00571nam a22002177a 4500
003 UA-OsUOA
001 93240
007 ta
008 20130116b un ||||| |||| 00| 0 ukr d
100 _aВольф Ф.
090 _a821.161.2
_bВ72
942 _cBK
040 _aUA-OsUOA
_bukr
_cUA-OsUOA
_dUA-OsUOA
245 _aЛітаючі блюдця
_bроман
955 _a2
041 _aukr
080 _a821.161.2
260 _aЛьвів
_bКаменяр
_c1967
650 7 _a82 Література. Літературознавство
_2UDC
999 _c379454
_d379454